| 000 | 00341nam a2200121Ia 4500 | ||
|---|---|---|---|
| 008 | 190902s9999||||xx |||||||||||||| ||und|| | ||
| 020 | _a0-9620-233-1-0 | ||
| 100 | _aDr Arthur Jackson | ||
| 245 | 0 | _aEye On The Ball Mind On The Game : An Easy Guide To Stress-Free Golf | |
| 260 |
_aIndia _bThe McGraw-Hill _c1995 |
||
| 300 | _a128 | ||
| 942 | _cBK | ||
| 999 |
_c2744 _d2744 |
||